-
DUBEY,ANUBHUTI AND SHUKLA, ARADHANA
Entry Personal Name
Number of records used in: 1
001 - CONTROL NUMBER
003 - CONTROL NUMBER IDENTIFIER
005 - DATE AND TIME OF LATEST TRANSACTION
- control field:
20251008112427.0
008 - FIXED-LENGTH DATA ELEMENTS
- fixed length control field:
251008|| aca||aabn | a|a d
040 ## - CATALOGING SOURCE
- Original cataloging agency:
JRU
- Transcribing agency:
JRU
100 ## - HEADING--PERSONAL NAME
- Personal name:
DUBEY,ANUBHUTI AND SHUKLA, ARADHANA
670 ## - SOURCE DATA FOUND
- Source citation:
Work cat.: (JRU)8887: DUBEY,ANUBHUTI AND SHUKLA, ARADHANA, COMMUNICATION SKILL AND PERSONALITY DEVELOPMENT: with multiple questions answers